Normal view
MARC view
- التفكير الابداعي -الابداع - العقل
Entry Topical Term
001 - CONTROL NUMBER
- control field: 49901
003 - CONTROL NUMBER IDENTIFIER
- control field: JO-AjAnu
005 - DATE AND TIME OF LATEST TRANSACTION
- control field: 20230606082223.0
008 - FIXED-LENGTH DATA ELEMENTS
- fixed length control field: 230606|| aca||aabn | a|a d
040 ## - CATALOGING SOURCE
- Original cataloging agency: JO-AjAnu
- Transcribing agency: JO-AjAnu
150 ## - HEADING--TOPICAL TERM
- Topical term or geographic name entry element: التفكير الابداعي -الابداع - العقل
670 ## - SOURCE DATA FOUND
- Source citation: Work cat.: (JO-AjAnu)25515: الفريجات، غالب عبد المعطي, author 49900, التفكير والإبداع والتفكير الإبداعي